| 000 | 00000cam 2200000zi 4500 |
| 001 | 9.931427 |
| 003 | CaOODSP |
| 005 | 20260212095155 |
| 006 | m o d f |
| 007 | cr |n||||||||| |
| 008 | 231213e20231213onc ob f000 0 eng d |
| 040 | |aCaOODSP|beng|erda|cCaOODSP |
| 043 | |an-cn--- |
| 086 | 1 |aH113-9/2023-11E-PDF |
| 245 | 00|aCyclaniliprole 50SL insecticide, cyclaniliprole. |
| 264 | 1|aOttawa, Ontario : |bPest Management Regulatory Agency, Health Canada, |c13 December 2023. |
| 264 | 4|c©2023 |
| 300 | |a1 online resource (29 pages). |
| 336 | |atext|btxt|2rdacontent |
| 337 | |acomputer|bc|2rdamedia |
| 338 | |aonline resource|bcr|2rdacarrier |
| 490 | 1 |aProposed registration decision, |x1925-0886 ; |vPRD2023-11 |
| 500 | |aIssued also in French under title: Insecticide Cyclaniliprole 50SL et cyclaniliprole. |
| 504 | |aIncludes bibliographical references. |
| 650 | 0|aInsecticides|xCertification|zCanada. |
| 650 | 0|aInsecticides|xToxicology. |
| 650 | 0|aInsecticides|xHealth aspects. |
| 650 | 0|aInsecticides|xEnvironmental aspects. |
| 710 | 1 |aCanada. |bPest Management Regulatory Agency, |eissuing body. |
| 775 | 08|tInsecticide Cyclaniliprole 50SL et cyclaniliprole.|w(CaOODSP)9.931429 |
| 830 | #0|aProposed registration decision ;|vPRD2023-11.|w(CaOODSP)9.504464 |
| 856 | 40|qPDF|s504 KB|uhttps://publications.gc.ca/collections/collection_2023/sc-hc/h113-9/H113-9-2023-11-eng.pdf |